Itineraris i escoles de la natura de Catalunya : 1983 1983
Descripción Física:
163 p. : il. ; 24 cm
MARC
| LEADER | 00000nam a2200000Ia 4500 | ||
|---|---|---|---|
| 001 | 1263 | ||
| 008 | 160829s1983 xx 000 0 cat d | ||
| 080 | |a C-2-58 | ||
| 245 | |a Itineraris i escoles de la natura de Catalunya : |b 1983 | ||
| 260 | |a Barcelona : |b Generalitat de Catalunya, Departament d' Ensenyament, |c 1983 | ||
| 300 | |a 163 p. : |b il. ; |c 24 cm | ||
| 650 | |a Natura, Estudi de la |x Catalunya |x Guies |9 37117 | ||
| 710 | |a Catalunya. |b Departament d'Ensenyament |9 52899 | ||
| 901 | |a Arxiu | ||
| 942 | |n 1 | ||
| 952 | |0 0 |1 0 |4 0 |6 C258 |7 1 |9 47674 |a Arxiu |b Arxiu |d 2016-12-01 |l 0 |o C-2-58 |p 1263 |r 2016-12-01 00:00:00 |w 2016-12-01 |y ARXIU | ||
| 999 | |c 51473 |d 51473 | ||